Устойчивость разноуровневых социо-эколого-экономических систем в современных условиях (Запись № 13709356)

Подробности
000 -МАРКЕР
контрольное поле 02700nam0a2200409 4500
001 - ИДЕНТИФИКАТОР ЗАПИСИ
контрольное поле RU\NLR\BIBL_A\022759732
005 - ИДЕНТИФИКАТОР ВЕРСИИ
контрольное поле 20260524043602.0
010 ## - МЕЖДУНАРОДНЫЙ СТАНДАРТНЫЙ НОМЕР КНИГИ (ISBN)
Номер (ISBN) 978-5-6051264-4-7
Тираж 500
021 ## - НОМЕР ГОСУДАРСТВЕННОЙ РЕГИСТРАЦИИ
Код страны Российская Федерация
Номер КН-П-26-005980
Номер Листа государственной регистраци КН-П-26-0583
035 ## - ДРУГИЕ СИСТЕМНЫЕ НОМЕРА
Идентификатор записи (NLR Aleph) 022759732
100 ## - ДАННЫЕ ОБЩЕЙ ОБРАБОТКИ
Данные общей обработки 20260319d2025 k y0rusy50 ca
101 0# - ЯЗЫК РЕСУРСА
Язык текста, звукозаписи и т.д. русский
102 ## - СТРАНА ПУБЛИКАЦИИ ИЛИ ПРОИЗВОДСТВА
Страна публикации Российская Федерация
105 ## - ПОЛЕ КОДИРОВАННЫХ ДАННЫХ: ТЕКСТОВЫЕ МАТЕРИАЛЫ, МОНОГРАФИЧЕСКИЕ
Кодированные данные о монографическом текстовом документе a z 000yy
181 #0 - ПОЛЕ КОДИРОВАННЫХ ДАННЫХ: ВИД СОДЕРЖАНИЯ
Код вида содержания (ISBD) i3
Код характеристики содержания (ISBD) axxe
182 #0 - ПОЛЕ КОДИРОВАННЫХ ДАННЫХ: ТИП СРЕДСТВА
Код типа средства (ISBD) n - непосредственное
200 1# - ЗАГЛАВИЕ И СВЕДЕНИЯ ОБ ОТВЕТСТВЕННОСТИ
Основное заглавие Устойчивость разноуровневых социо-эколого-экономических систем в современных условиях
Сведения, относящиеся к заглавию монография
Первые сведения об ответственности [д-ра экон. наук, профессора Р. Ф. Гатауллин, Д. А. Гайнанов, А. Г. Шеломенцев и др.]
Последующие сведения об ответственности под общей редакцией д-ра экон. наук, проф. Р. Ф. Гатауллина
-- Министерство науки и высшего образования Российской Федерации, Институт социально-экономический исследований Федерального государственного бюджетного научного учреждения Уфимского федерального исследовательского центра Российской академии наук
203 ## - ВИД СОДЕРЖАНИЯ И ТИП СРЕДСТВА
Вид содержания Текст
Дополнительные сведения об издании визуальный
Тип средства непосредственный
210 ## - ПУБЛИКАЦИЯ, РАСПРОСТРАНЕНИЕ И ДР.
Место издания, распространения и т.д. Уфа
Имя издателя, распространителя и т. д. ИСЭИ УФИЦ РАН
Дата издания, распространения и т.д. 2025
215 ## - ФИЗИЧЕСКАЯ ХАРАКТЕРИСТИКА
Специфическое обозначение материала и объем 219 с.
Другие сведения о физической характеристике ил., табл.
Размеры 24
300 ## - ОБЩИЕ ПРИМЕЧАНИЯ
Текст примечания Авт. указаны на 6-й с.
320 ## - ПРИМЕЧАНИЯ О НАЛИЧИИ В ДОКУМЕНТЕ БИБЛИОГРАФИИ / УКАЗАТЕЛЯ
Текст примечания Библиогр.: с. 184-207 (253 назв.)
606 1# - НАИМЕНОВАНИЕ ТЕМЫ КАК ПРЕДМЕТ
Наименование темы Устойчивого развития концепция
Системный номер авторитетной/нормативной записи 2087859
Идентификатор авторитетной/нормативной записи RU\NLR\AUTH\661263996
606 1# - НАИМЕНОВАНИЕ ТЕМЫ КАК ПРЕДМЕТ
Наименование темы Эколого-экономические системы социальные
Тематический подзаголовок Развитие
Системный номер авторитетной/нормативной записи 2283091
Идентификатор авторитетной/нормативной записи RU\NLR\AUTH\6601595832
606 1# - НАИМЕНОВАНИЕ ТЕМЫ КАК ПРЕДМЕТ
Наименование темы Территориально-экономические системы
Географический подзаголовок Российская Федерация
Системный номер авторитетной/нормативной записи 2565201
Идентификатор авторитетной/нормативной записи RU\NLR\AUTH\661517195
686 1# - ИНДЕКСЫ ДРУГИХ КЛАССИФИКАЦИЙ
Индекс У28(2Р)
686 1# - ИНДЕКСЫ ДРУГИХ КЛАССИФИКАЦИЙ
Индекс У04(2Р)9
701 #1 - ИМЯ ЛИЦА - АЛЬТЕРНАТИВНАЯ ОТВЕТСТВЕННОСТЬ
Начальный элемент ввода Гатауллин
Часть имени, кроме начального элемента ввода Р. Ф.
Расширение инициалов личного имени Ринат Фазлтдинович
701 #1 - ИМЯ ЛИЦА - АЛЬТЕРНАТИВНАЯ ОТВЕТСТВЕННОСТЬ
Начальный элемент ввода Гайнанов
Часть имени, кроме начального элемента ввода Д. А.
Дополнения к именам, кроме дат д-р экон. наук
Даты 1956-
Расширение инициалов личного имени Дамир Ахнафович
Системный номер авторитетной/нормативной записи 188332
Идентификатор авторитетной/нормативной записи RU\NLR\AUTH\770188383
701 #1 - ИМЯ ЛИЦА - АЛЬТЕРНАТИВНАЯ ОТВЕТСТВЕННОСТЬ
Начальный элемент ввода Шеломенцев
Часть имени, кроме начального элемента ввода А. Г.
Расширение инициалов личного имени Андрей Геннадьевич
712 02 - НАИМЕНОВАНИЕ ОРГАНИЗАЦИИ - ВТОРИЧНАЯ ОТВЕТСТВЕННОСТЬ
Код отношения Издающая организация
Начальный элемент ввода Институт социально-экономических исследований
Идентифицирующий признак Уфа
Системный номер авторитетной/нормативной записи 532621
Идентификатор авторитетной/нормативной записи RU\NLR\AUTH\8810017389
942 ## - ДОПОЛНИТЕЛЬНЫЕ ЭЛЕМЕНТЫ ЗАПИСИ (АБИС)
Тип экземпляра АБИС Книга
980 ## - КОЛЛЕКЦИЯ
Название коллекции Национальная библиография

Нет доступных экземпляров.